LIBRARY & INFORMATION CENTRE, KCAET, TAVANUR

ONLINE PUBLIC ACCESS CATALOGUE (OPAC)

Development and performance evaluation of an aquaponic system (Record no. 15123)

MARC details
000 -LEADER
fixed length control field 00827nam a22002297a 4500
003 - CONTROL NUMBER IDENTIFIER
control field OSt
088 ## - REPORT NUMBER
Report number P 334
100 ## - MAIN ENTRY--AUTHOR NAME
Personal name ASWATHI P. V
245 ## - TITLE STATEMENT
Title Development and performance evaluation of an aquaponic system
260 ## - PUBLICATION, DISTRIBUTION, ETC. (IMPRINT)
Place of publication Tavanur 2016
Name of publisher Department of Irrigation & Drainage Engineering
300 ## - PHYSICAL DESCRIPTION
Number of Pages 47
500 ## - GENERAL NOTE
General note Development and performance evaluation of an aquaponic system
520 ## - SUMMARY, ETC.
Summary, etc Development and performance evaluation of an aquaponic system
650 ## - SUBJECT ADDED ENTRY--TOPICAL TERM
Topical Term Aquaponics system/ Hydroponics/ Aquaculture elements
700 ## - ADDED ENTRY--PERSONAL NAME
Personal name Athul Krishna M. M
700 ## - ADDED ENTRY--PERSONAL NAME
Personal name Mohammad Suhail
700 ## - ADDED ENTRY--PERSONAL NAME
Personal name Kurias Thomas
700 ## - ADDED ENTRY--PERSONAL NAME
Personal name Dr. Sasikala D (Guide)
856 ## - ELECTRONIC LOCATION AND ACCESS
Uniform Resource Identifier https://drive.google.com/open?id=1vPvDPZRywMvMRC5VV1pYxeCRHPID5UAM
942 ## - ADDED ENTRY ELEMENTS (KOHA)
Koha item type Project Report
Holdings
Collection code Home library Current library Shelving location Full call number Accession Number Koha item type
Reference KAUAET KAUAET Reference 631.587 ASW/DE P 334 Project Report
free website counter